|
|
|
|
| LEADER |
00000cam a2200000 a 4500 |
| 001 |
vtls011558440 |
| 003 |
SK-MaSNL |
| 005 |
20260301135251.0 |
| 008 |
171215s2016 xo ho g b 000 mdslo |
| 015 |
|
|
|a SNBA2016/08
|
| 015 |
|
|
|a SNBSAB2016
|
| 020 |
|
|
|a 9788055623832 (viaz.)
|
| 035 |
|
|
|a EA76BC0C-348A-4C9C-90BA-A60CCF2A132C
|
| 035 |
|
|
|a urn:nbn:sk:snk-amthe8
|
| 035 |
|
|
|a urn:nbn:sk:snk-am00bnha
|
| 040 |
|
|
|a SNK
|b slo
|c SNK
|e AACR2
|
| 041 |
0 |
|
|a slo
|
| 044 |
|
|
|a xo
|c SK
|
| 072 |
|
7 |
|a 82.0
|x Literatúra (teória)
|2 konspekt
|
| 080 |
|
|
|a 82.02(73)"195/196"
|2 2001
|
| 080 |
|
|
|a 82-1
|2 2011
|
| 080 |
|
|
|a 82.02
|2 2011
|
| 080 |
|
|
|a (082.2)
|2 2011
|
| 080 |
|
|
|a (01)-048.58
|2 2011
|
| 245 |
0 |
0 |
|a Beatnici
|c zostavil [a sprievodné texty napísal] Marián Andričík ; [preložil: Marián Andričík ; editorka Mária Štefánková]
|
| 260 |
|
|
|a Bratislava
|b Slovart
|c 2016
|
| 300 |
|
|
|a 215 s.
|b faks., fotogr.
|c 22 cm
|
| 490 |
1 |
|
|a Lyrika 20. storočia
|
| 500 |
|
|
|a Kalendárium
|
| 500 |
|
|
|a Biogr. údaje
|
| 504 |
|
|
|a Obsahuje [21] z. výber. bibliogr. o Beat generation ; pozn. a vysvetl.
|
| 650 |
0 |
7 |
|a beatnici
|2 SNKPH
|9 82208
|
| 650 |
0 |
7 |
|a poézia
|2 SNKPH
|9 1274
|
| 650 |
0 |
7 |
|a literárne hnutia
|2 SNKPH
|9 202606
|
| 650 |
0 |
7 |
|a Beat Generation
|2 SNKPHeng
|9 445639
|
| 650 |
0 |
7 |
|a Poetry
|2 SNKPHeng
|9 336087
|
| 650 |
0 |
7 |
|a Literary movements
|2 SNKPHeng
|9 202607
|
| 655 |
|
7 |
|a antológie
|2 SNKPH
|9 70414
|
| 655 |
|
7 |
|a Anthologies
|2 SNKPHeng
|9 275775
|
| 655 |
|
7 |
|a výberové bibliografie
|2 SNKPH
|9 70561
|
| 655 |
|
7 |
|a Selected bibliographies
|2 UDC
|2 SNKPHeng
|9 275217
|
| 700 |
1 |
|
|a Andričík, Marián,
|d 1964-
|4 com
|4 trl
|9 52158
|
| 700 |
1 |
|
|a Štefánková, Mária,
|d 1951-
|4 edt
|9 86067
|
| 830 |
|
0 |
|a Lyrika 20. storočia
|9 413274
|
| 852 |
|
|
|a Štátna vedecká knižnica v Banskej Bystrici
|
| 852 |
|
|
|a Akadémia umení v Banskej Bystrici
|
| 919 |
|
|
|a 978-80-556-2383-2
|
| 958 |
|
|
|a LX
|
| 958 |
|
|
|a SF
|
| 999 |
|
|
|c 759596
|d 761526
|
| 952 |
|
|
|a SNK
|b SNK
|y PREZ
|7 0
|p 17A1199444
|o snkSC 170659
|i snk2016/17343
|8 0
|0 0
|1 0
|4 0
|d 2016-07-18
|f 1
|l 0
|r 2025-09-08 00:00:00
|w 2026-02-24
|
| 952 |
|
|
|a SNK
|b SNK
|y VYP
|7 0
|p 17A1199445
|o snkSC 170659 D1
|i snk2016/17344
|8 0
|0 0
|1 0
|4 0
|d 2016-07-18
|l 0
|r 2026-02-24 00:00:41
|w 2026-02-24
|